000 00392nam a22001577a 4500
005 20200529105128.0
008 200529b xxu||||| |||| 00| 0 eng d
041 _aeng
082 _a340
100 _aBARE ACT
_95744
245 _aTHE IDENTIFICATION OF PRISONERS ACT, 1920 (30-1920)
260 _aDELHI
_bPROFESSIONAL BOOK PUBLISHERS
300 _a6;P
650 _aLAW
_95701
942 _cBK
999 _c6603
_d6601